Crime Against Working Women/ (Record no. 202872)

MARC details
000 -LEADER
fixed length control field 00612 a2200193 4500
005 - DATE AND TIME OF LATEST TRANSACTION
control field 20240516105324.0
010 ## - LCCN (DPL NO)
LC control number B-759035
020 ## - INTERNATIONAL STANDARD BOOK NUMBER
International Standard Book Number 8170249899
Terms of availability 700.00
035 ## - SYSTEM CONTROL NUMBER
System control number B-759035
037 ## - SOURCE OF ACQUISITION
Source of stock number/acquisition Gift/Unesco
082 ## - DEWEY DECIMAL CLASSIFICATION NUMBER
Classification number 362.83082
100 ## - MAIN ENTRY--PERSONAL NAME
Personal name Tripathy, Prabhat Chandra
245 ## - TITLE STATEMENT
Title Crime Against Working Women/
Statement of responsibility, etc Prabhat Chandra Tripathy
260 ## - PUBLICATION, DISTRIBUTION, ETC. (IMPRINT)
Place of publication, distribution, etc New Delhi
Name of publisher, distributor, etc APH Publishing Corporation
Date of publication, distribution, etc 1998
270 ## - ADDRESS
Address 5, Ansari Road Daryaganj
City New Delhi
300 ## - PHYSICAL DESCRIPTION
Extent 391 p.
Dimensions 23cm (Hb)
942 ## - ADDED ENTRY ELEMENTS (KOHA)
Institution code [OBSOLETE] dpl
Item type English Books
Source of classification or shelving scheme Dewey Decimal Classification
Classification part 362.83082
Call number suffix TRI
Holdings
Withdrawn status Lost status Not for loan Collection code Home library Current library Date acquired Source of acquisition Cost, normal purchase price Full call number Barcode Copy number Cost, replacement price Koha item type Public note
      Non-fiction Patel Nagar Patel Nagar 15/05/2024 Gift/10.5.24 700.00 362.83082 TRI B-759035 1 700.00 English Books Gift

© Delhi Public Library
Hit Counter
free hit counter